| 000 | 00703cam a2200229 4500500 | ||
|---|---|---|---|
| 005 | 20260405001644.0 | ||
| 041 | _afre | ||
| 042 | _adc | ||
| 100 | 1 | 0 |
_aPortevin, Catherine _eauthor |
| 245 | 0 | 0 | _aFlorence Aubenas, Pierre Zaoui: être ou ne pas être là |
| 260 | _c2013. | ||
| 500 | _a61 | ||
| 690 | _aCatherine Portevin | ||
| 690 | _aFlorence Aubenas | ||
| 690 | _aJournalisme | ||
| 690 | _aMultiple | ||
| 690 | _aPierre Zaoui | ||
| 690 | _aPlusieurs vies en une | ||
| 690 | _aTravail | ||
| 786 | 0 | _nPhilosophie magazine | 75 | 12 | 2013-12-01 | p. 39-40 | 1951-1787 | |
| 856 | 4 | 1 | _uhttps://shs.cairn.info/magazine-philosophie-magazine-2013-12-page-39?lang=fr&redirect-ssocas=7080 |
| 999 |
_c2049745 _d2049745 |
||